Zodiac (Registro nro. 63894)

Detalles MARC
000 -ENCABEZADO
Número de control [NR] 02314nam a2200349Ia 4500
005 - FECHA Y HORA DE LA ÚLTIMA TRANSACCIÓN
control field 20140521170347.0
008 - DE LONGITUD FIJA DE DATOS DE ELEMENTOS - INFORMACIÓN GENERAL
Elementos de longitud fija [NR] 130821s2007 xxu g q mlmul d
040 ## - FUENTE DE CATALOGACION [NR]
Agencia de catalogación original [NR] CO-BoUCM
Idioma de catalogación [NR] spa
Quien Cataloga
Quien Clasifica [Nuevo]
041 ## - CODIGO DE IDIOMA [R]
Código de idioma para texto/pista de sonido o título separado [R] Inglés
041 ## - CODIGO DE IDIOMA [R]
Código de idioma para texto/pista de sonido o título separado [R] Francés
092 ## - SIGNATURA TOPOGRAFICA LOCAL
Número de clasificación local DVD 0564
245 00 - MENCION DE TITULO [NR]
Título [NR] Zodiac
Mención de responsabilidad, etc. [NR] David Fincher, director
Medio físico [NR] [DVD]
260 ## - PUBLICACION, DISTRIBUCION, ETC. (PIE DE IMPRENTA) [R]
Lugar de publicación, distribución, etc. [R] Washington D.C. (Estados Unidos)
Nombre del editor, distribuidor, etc. [R] Paramount Pictures
Fecha de publicación, distribución, etc. [R] 2007
300 ## - DESCRIPCION FISICA [R]
Extensión [R] 1 DVD, 157 minutos
Otros detalles físicos [NR] imagen, sonido, color
500 ## - NOTA GENERAL [R]
Nota general [NR] SINOPSIS : Basado en la historia real sobre el famoso "Asesino del Zodiaco", un asesino en serie que entre los años 1966 y 1978 asesinó a un número indeterminado de personas en la zona de San Francisco, al tiempo que enviaba cartas con pistas, a modo de juego, a los medios de comunicación. La historia se centra en las largas pesquisas de dos detectives que intentaron darle caza, así como las de dos periodistas que intentaron averiguar su identidad
508 ## - NOTA DE CREDITOS DE CREACION/PRODUCCION [R]
Nota de créditos de creación/producción [NR] CRÉDITOS: Dirigida por David Fincher ; guion por James Vanderbilt ; producida por Ceán Chaffin ; música por David Shire ; fotografía por Harris Savides ; diseño de producción por Donald Graham Burt ; dirección de arte por Keith P. Cunningham ; ambientación por Victor J. Zolfo ; vestuario por Casey Storm ; maquillaje por Amy Schmiederer
511 0# - NOTA DE PARTICIPANTE O INTERPRETE [R]
Nota de participante o intérprete [NR] REPARTO: Jake Gyllenhaal, Mark Ruffalo, Anthony Edwards, Robert Downey Jr., Brian Cox, John Carroll Lynch, Richmond Arquette, Bob Stephenson, John Lacy, Chloë Sevigny
520 ## - NOTA DE RESUMEN, ETC. [R]
Nota de sumario, etc. [NR] Basada los libros "Zodiac" y "Zodiac Unmasked" de Robert Graysmith
546 ## - NOTA DE IDIOMA [R]
Nota de idioma [NR] Audio en inglés y francés. Subtítulos en inglés y español
650 04 - ASIENTO SECUNDARIO DE MATERIA - TERMINO TEMATICO [R]
Término temático o nombre geográfico como elemento de entrada [NR] Asesinos en el cine
Subdivisión de forma [R] DVD
9 (RLIN) 9626
650 04 - ASIENTO SECUNDARIO DE MATERIA - TERMINO TEMATICO [R]
Término temático o nombre geográfico como elemento de entrada [NR] Entretenimiento
9 (RLIN) 26487
650 04 - ASIENTO SECUNDARIO DE MATERIA - TERMINO TEMATICO [R]
Término temático o nombre geográfico como elemento de entrada [NR] Películas cinematográficas
Subdivisión geográfica [R] Estados Unidos
Subdivisión de forma [R] DVD
9 (RLIN) 51326
650 04 - ASIENTO SECUNDARIO DE MATERIA - TERMINO TEMATICO [R]
Término temático o nombre geográfico como elemento de entrada [NR] Películas de misterio
Subdivisión de forma [R] DVD
9 (RLIN) 21238
650 04 - ASIENTO SECUNDARIO DE MATERIA - TERMINO TEMATICO [R]
Término temático o nombre geográfico como elemento de entrada [NR] Películas de suspenso
Subdivisión de forma [R] DVD
9 (RLIN) 21240
700 1# - ASIENTO SECUNDARIO - NOMBRE PERSONAL [R]
Nombre personal [NR] Fincher, David
9 (RLIN) 61327
Término de relación [R] director
710 2# - ASIENTO SECUNDARIO - NOMBRE CORPORATIVO [R]
Nombre corporativo o de jurisdicción como elemento de entrada [NR] Paramount Pictures
9 (RLIN) 48549
710 2# - ASIENTO SECUNDARIO - NOMBRE CORPORATIVO [R]
Nombre corporativo o de jurisdicción como elemento de entrada [NR] Warner Bros. Pictures
9 (RLIN) 41920
710 2# - ASIENTO SECUNDARIO - NOMBRE CORPORATIVO [R]
Nombre corporativo o de jurisdicción como elemento de entrada [NR] Phoenix Pictures
9 (RLIN) 61328
765 0# - ASIENTO DE IDIOMA ORIGINAL [R]
Título [NR] Zodiac
856 40 - LOCALIZACION Y ACCESO ELECTRONICOS [R]
Identificador Uniforme del Recurso (“URI”) [R] <a href="http://www.youtube.com/watch?v=q6q_MfcDEEE">http://www.youtube.com/watch?v=q6q_MfcDEEE</a>
Nota dirigida al público [R] Siga este enlace para ver el trailer
-- Trailer tomado del canal Paramount Movies vía YouTube.com
942 ## - ELEMENTOS DE ENTRADA AGREGADOS (KOHA)
Koha item type Multimedia
Source of classification or shelving scheme LOCAL
Tema principal Entretenimiento
Edition 1
Classification part DVD 0564
Existencias
Suprimido Perdido Sistema de clasificación Dañado No prestable Tipo de ítem específico Ubicación habitual Ubicación actual Localización Fecha de creación Forma de adquisición Costo Signatura topográfica Código de barras Última vez visto Fecha de último préstamo Ejemplar Price effective from Tipo de ítem Total préstamos Total Renewals Proveedor Costo de reposición
    LOCAL     DVD Claustro Claustro Colección digital 19/02/2013 Donación 26000.00 DVD 0564 100106951 10/12/2024 11/10/2017 Ej.3 03/02/2013 Multimedia 43 5    
    LOCAL     DVD Claustro Claustro Colección digital 18/02/2014 Donación 26000.00 DVD 0564 100141746 20/02/2026 05/02/2026 Ej.4 18/02/2014 Multimedia 13 12 12 26000.00
    LOCAL   Préstamo restringido DVD Procesos Técnicos (no para préstamo) Procesos Técnicos (no para préstamo) Procesos Técnicos 19/02/2013 Compra 49581.00 DVD 0564 100102059 09/12/2025 07/05/2012 Ej.1 03/02/2013 Multimedia        
    LOCAL   Préstamo restringido DVD Procesos Técnicos (no para préstamo) Procesos Técnicos (no para préstamo) Procesos Técnicos 18/02/2014 Donación 26000.00 DVD 0564 100141345 09/12/2025   Ej.2 18/02/2014 Multimedia     12 26000.00